| 000 | 00634nam a2200205 a 4500 | ||
|---|---|---|---|
| 003 | DO-SdBNP | ||
| 005 | 20211020131717.0 | ||
| 007 | ta | ||
| 008 | 211020e2020 inua|||| |||| 001 0dspa d | ||
| 020 | _a9781506533759 (tapa blanda) | ||
| 040 |
_aDO-SdBNP _bspa _cBNPHU |
||
| 082 | 4 | _222 | |
| 245 | 1 | 0 |
_aViviendo para agradar a Cristo. / _cWascar Luciano; prólogo, David Gómez y Doris Gómez |
| 260 |
_aBloomington [Indiana.] : _b PALIBRIO, _c2020. |
||
| 300 |
_a127 p. ; _c23 cm |
||
| 590 | _aInventariado 2021 / MF | ||
| 700 | 1 |
_aGómez, David, _eprólogo. _980292 |
|
| 700 | 1 |
_aGómez, Doris, _eprólogo _980293 |
|
| 942 |
_2ddc _cLBS1 |
||
| 999 |
_c50790 _d50790 |
||